Statistiques concernant Champions du Brésil de football

Cliquez ici pour prendre le quiz!

Statistiques générales

  • Ce quiz a été pris 424 fois
    (390 depuis la dernière actualisation)
  • Le résultat moyen est 25 sur 47

Statistiques - réponses

Année#Club% Correct
20042Santos
86%
20021Santos
86%
19833Flamengo
82%
19801Flamengo
82%
19822Flamengo
82%
20095Flamengo
82%
19924Flamengo
82%
20086São Paulo
71%
19913São Paulo
71%
19771São Paulo
71%
19862São Paulo
71%
20075São Paulo
71%
20064São Paulo
71%
19841Fluminense
65%
20102Fluminense
65%
20123Fluminense
65%
20165Palmeiras
58%
19944Palmeiras
58%
19933Palmeiras
58%
19732Palmeiras
58%
19721Palmeiras
58%
19961Grêmio Porto Alegrense
55%
19811Grêmio Porto Alegrense
55%
19951Botafogo
54%
19901Corinthians
52%
20177Corinthians
52%
20054Corinthians
52%
19982Corinthians
52%
20156Corinthians
52%
20115Corinthians
52%
19993Corinthians
52%
19741Vasco da Gama
44%
19973Vasco da Gama
44%
19892Vasco da Gama
44%
20004Vasco da Gama
44%
19711Atlético Mineiro
36%
20031Cruzeiro
35%
20132Cruzeiro
35%
20143Cruzeiro
35%
19793Internacional
28%
19762Internacional
28%
19751Internacional
28%
19881Bahia
20%
19871Sport Recife
17%
20011Atlético Paranaense
16%
19851Coritiba
13%
19781Guarani
7%

Distribution des résultats

Percentile par nombre de réponses

% des personnes avec chaque résultat

Votre développement - résultats

Vous n’avez pas pris ce quiz depuis la dernière actualisation